| 000 | 00496nam a22001937a 4500 | ||
|---|---|---|---|
| 003 | OSt | ||
| 005 | 20140310183105.0 | ||
| 008 | 130304t xxu||||| |||| 00| 0 eng d | ||
| 020 | _a9716421974 | ||
| 050 |
_aHB 171.5 _b.Z13 2007 |
||
| 100 | _aZaide, Sonia M. | ||
| 245 |
_aLiving economics / _cSonia M. Zaide |
||
| 260 |
_aQuezon City : _bAll-Nations Pub., _c2007. |
||
| 300 |
_a173 p. : _c26 cm. _bill. ; |
||
| 521 | _aBSBA | ||
| 650 | _aEconomics. | ||
| 942 |
_2lcc _cBK _kLOC |
||
| 999 |
_c18778 _d18778 |
||